South America Geography Quiz - Statistics

General Stats
  • This quiz has been taken 560 times
  • The average score is 10 of 15
Answer Stats
Hint Answer % Correct
How many soverign nations are there in South America? 12
90%
What ancient empire was located in modern-day Peru? Inca Empire
88%
The famous Copacabana beach is in which South American city? Rio de Janeiro
88%
What is the name of the world's highest waterfall? Angel Falls
79%
Ecuador is named after the Spanish word for what? Equator
75%
What South American city has the largest population in the Southern Hemisphere? São Paulo
75%
Which South American administrative capital has the highest elevation of any capital city in the world? La Paz
73%
What is the capital city of Guyana Georgetown
70%
What South American desert is the driest place on Earth? Atacama Desert
68%
What South American country has won their only Olympic medal in boxing? Guyana
59%
By volume of water, which South American lake is the largest? Lake Titicaca
59%
What is the currency of Brazil? Real
51%
What is the highest mountain in South America? Aconcagua
47%
Which archipelago is the southernmost tip of the South America? Tierra del Fuego
47%
What city is considered to be the southernmost in the world? Ushuaia
23%
No matching quizzes found
Score Distribution
Percent of People with Each Score
Percentile by Number Answered
Your Score History
You have not taken this quiz